00794cam a22002291a 450000100100000000500170001000800410002701000130006804000300008104100090011105000210012008200140014124500920015526000520024730000210029949000630032050000230038361000210040665000370042770000370046483000630050100001634220200929164400.0770407s1959 mx 000 0 spa  a60042653 aDO-SdBNPcDGUdOCoLCdDLC aBNGR00aBX890b.V47 1960 axxxbV72200aFray Gaspar de Villarroel :bsiglo XVII /cestudio y selecciones de Gonzalo Zaldumbide. aPuebla, (México) :bJ. M. Cajica, Jr.,c1959. a516 p. ;c22 cm.0 aBiblioteca Ecuatoriana Minima. La Colonia y la República aIncluye apéndice20aCatholic Church. 0aTheologyxHistoryy17th century.1 aZaldumbide, Gonzalo,d1885-1965. 0aBiblioteca Ecuatoriana Minima. La Colonia y la República